[Event "Caplin British Online-ch Open 2020"]
[Site "Online"]
[Date "2020.12.27"]
[Round "4.12"]
[White "Gordon, Sean"]
[Black "Blackburn, Jonathan L B"]
[Result "0-1"]
[WhiteElo "2039"]
[BlackElo "2235"]
[Annotator "TA"]
[PlyCount "106"]
[EventDate "2020.12.21"]
[EventType "swiss"]
[EventCountry "NET"]
[SourceTitle "playchess.com"]
[Source "ChessBase"]
[SourceQuality "1"]

{[%evp 13,106,-1,8,0,18,11,33,33,40,24,22,-2,7,10,43,28,44,54,80,-33,-27,-37,-35,-30,50,46,52,28,41,-41,-37,-32,93,0,112,18,10,0,24,0,25,-28,-11,-59,40,0,0,0,18,18,18,0,0,-14,-14,-14,-14,-14,0,-73,-73,-89,-73,-89,-73,-425,-410,-407,-385,-318,-385,-585,-523,-492,-489,-544,-491,-643,-660,-793,-395,-580,-561,-969,-955,-905,-876,-879,-863,-925,-870,-29988,-29985,-29995,-29996]} 1. c4 Nf6 2. Nc3 g6 3. g3 Bg7 4. Bg2 d6 5. e4 c5 6. Nge2 Nc6 7. d3 {now scores much better than the old 7.0-0.} Bd7 8. h3 {A36: Symmetrical English vs ...g6: 4 Bg2 Bg7.} Qc8 9. Be3 h5 10. Qd2 {White is slightly better.} a6 11. Rb1 Rb8 12. a4 {[#]} e5 $146 ({Predecessor:} 12... e6 13. d4 cxd4 14. Nxd4 O-O 15. Nde2 d5 16. cxd5 exd5 17. Nxd5 Nxd5 18. exd5 Ne5 {0-1 (60) Halldorsson,G (2248)-Gunnarsson,J (2463) Reykjavik 2009}) 13. f3 Nd4 14. b4 cxb4 15. Rxb4 Qc5 16. Rb1 {[#]} ({White has to play} 16. Rb2 $16) 16... Nc2+ $1 {[%mdl 64] Discovered Attack} 17. Kf2 Nxe3 18. Qxe3 Bh6 (18... Qa5 $11) 19. Qxc5 $14 dxc5 20. Rb6 Bc6 $1 21. Rhb1 ({White should try} 21. h4 $1 $14) 21... Nd7 $15 22. R6b2 f5 (22... h4 $1 $15 {keeps the upper hand.}) 23. Nd5 (23. exf5 $16 gxf5 24. f4) 23... Rf8 (23... fxe4 $11 24. dxe4 h4) 24. Nc7+ ({Better is} 24. exf5 $16 gxf5 25. f4) 24... Ke7 $11 25. Nd5+ Kd6 26. Nec3 Bg5 27. Ke2 (27. h4 $142 Bd8 28. f4) 27... f4 28. gxf4 (28. h4 $5 {[%cal Rh4g5]} Bd8 29. gxf4 exf4 30. Rh1 $11) 28... Bxf4 (28... exf4 $15 29. Rd2 Ne5) 29. Nxf4 Rxf4 30. Nd5 Bxd5 (30... Rh4 {with more complications.} 31. a5 Nf8 32. Kf2 Ke6 33. Ke3 g5) 31. cxd5 b6 {[%cal Bb7b6,Bb6b5,Bb5b4][%mdl 32]} 32. Kf2 g5 33. Kg3 Kc7 34. Rh1 h4+ 35. Kf2 b5 36. Rhb1 {[#]} (36. axb5 $11 axb5 37. Ra1) 36... b4 $1 $17 ({Much worse is} 36... bxa4 37. Rxb8 Nxb8 38. Ra1 $11) 37. Ke3 Nf6 38. Rf2 Kd6 39. Kd2 $2 {[%mdl 8192] White does not recover from this.} (39. Bf1 $17) 39... c4 $19 40. Ke3 {next Rc2 is good for White.} c3 41. Rc2 {And now Rxc3! would win.} Nd7 42. d4 (42. Bf1 {might work better.} Rff8 43. Rbc1) 42... a5 43. dxe5+ Kxe5 44. Bf1 Rbf8 45. Be2 Nc5 46. Ra1 Rg8 (46... Nxe4 $142 47. Re1 Ng3) 47. Bd1 (47. Rg1 $142 Nxe4 48. fxe4 Rxe4+ 49. Kd3 Rd4+ {[%mdl 64] Double Attack} 50. Ke3 Kxd5 51. Kf3) 47... Nb3 48. Raa2 Nd4 {Strongly threatening ...b3!} 49. Rf2 b3 50. Bxb3 Nxb3 51. Ra3 Rb8 52. Rc2 Nd4 {[%csl Gd4][%cal Rf4f3][%mdl 64] Double Attack} 53. Rcxc3 Rb2 {[%csl Gd4][%cal Rf4f3] Weighted Error Value: White=0.75/Black=0.34} 0-1

[Event "Caplin British Online-ch Open 2020"]
[Site "Online"]
[Date "2020.12.27"]
[Round "4.13"]
[White "_2000_512"]
[Black "Arora, Tashika"]
[Result "0-1"]
[WhiteElo "1855"]
[BlackElo "1744"]
[Annotator "NA RC"]
[PlyCount "58"]
[EventDate "2020.12.21"]
[EventType "swiss"]
[EventCountry "NET"]
[SourceTitle "playchess.com"]
[Source "ChessBase"]
[SourceQuality "1"]

1. d4 {[%emt 0:00:00]} Nf6 {[%emt 0:00:00]} 2. c4 {[%emt 0:00:00]} g6 {[%emt 0:00:00]} 3. g3 {[%emt 0:00:00]} d5 {[%emt 0:00:00]} 4. cxd5 {[%emt 0:00:00]} Nxd5 {[%emt 0:00:00]} 5. Bg2 {[%emt 0:00:00]} Bg7 {[%emt 0:00:00]} 6. e4 {[%emt 0:00:00]} Nb6 {[%emt 0:00:00]} 7. Ne2 {[%emt 0:00:00]} O-O {[%emt 0:00:00]} 8. O-O {[%emt 0:00:00]} Nc6 {[%emt 0:00:00]} 9. d5 {[%emt 0:00:00]} Na5 {[%emt 0:00:00]} 10. Nbc3 {[%emt 0:00:00]} e6 {[%emt 0:00:00]} 11. Be3 {[%emt 0:00:00]} Nac4 {[%emt 0:00:00]} 12. Bc5 {[%emt 0:01:11]} Re8 {[%emt 0:00:00]} 13. b3 {[%emt 0:00:44]} Nd6 {[%emt 0:00:00]} 14. f4 {[%emt 0:03:49]} exd5 {[%emt 0:00:00]} 15. e5 {[%emt 0:00:29]} Ne4 {[%emt 0:00:00]} 16. Nxe4 {[%emt 0:01:37]} dxe4 {[%emt 0:00:00]} 17. Bxe4 {[%emt 0:01:37]} Qxd1 {[%emt 0:00:00]} 18. Raxd1 {[%emt 0:00:14]} f6 {[%emt 0:00:00]} 19. Nd4 {[%emt 0:09:15]} c6 {[%emt 0:00:00]} 20. exf6 {[%emt 0:04:35]} Bxf6 {[%emt 0:00:00]} 21. Bf3 {[%emt 0:00:23]} Bh3 {[%emt 0:00:00]} 22. Rf2 {[%emt 0:01:29]} Nd7 {[%emt 0:00:00]} 23. Rc2 {[%emt 0:04:30]} Nxc5 {[%emt 0:00:00]} 24. Rxc5 {[%emt 0:00:13]} Re1+ {[%emt 0:00:17]} 25. Rxe1 {[%emt 0:01:52]} Bxd4+ {[%emt 0:00:03]} 26. Kh1 {[%emt 0:00:01]} Bxc5 {[%emt 0:00:02]} 27. g4 {[%emt 0:00:25]} Rd8 {[%emt 0:00:19]} 28. Be2 {[%emt 0:00:28]} Kf8 {[%emt 0:00:15]} 29. a3 {[%emt 0:00:12]} Re8 {[%emt 0:00:11]} 0-1

[Event "Caplin British Online-ch Open 2020"]
[Site "Online"]
[Date "2020.12.27"]
[Round "4.14"]
[White "Shearsby, Jude"]
[Black "Varney, Zoe"]
[Result "1/2-1/2"]
[WhiteElo "1673"]
[BlackElo "1917"]
[Annotator "TA"]
[PlyCount "69"]
[EventDate "2020.12.21"]
[EventType "swiss"]
[EventCountry "NET"]
[SourceTitle "playchess.com"]
[Source "ChessBase"]
[SourceQuality "1"]

{[%evp 9,69,-8,-3,0,22,-3,18,1,14,4,23,27,32,18,14,-7,-6,-5,16,-22,-14,-21,0,0,0,-4,18,-12,50,49,40,48,92,83,77,86,79,15,18,18,18,18,18,20,36,36,36,16,36,36,38,0,38,52,45,0,6,0,0,5,27,-13]} 1. d4 d5 2. Bf4 Nf6 3. Nc3 e6 4. Nb5 Na6 5. e3 c6 6. Nc3 {D00: 1 d4 d5: Unusual lines.} Nb8 7. Nf3 $1 {[%mdl 4] is recently more successful than 7.Bd3.} Bd6 8. Bd3 {The position is equal.} Bxf4 9. exf4 Nbd7 10. O-O O-O 11. Ne5 c5 {[#]} 12. Nf3 $146 ({Predecessor:} 12. dxc5 Nxc5 13. f5 Nxd3 14. Qxd3 exf5 15. Rad1 Be6 16. f4 Nd7 17. Kh1 Nxe5 18. fxe5 Qc7 19. Rfe1 Rac8 20. Nxd5 Bxd5 21. Qxd5 {½-½ (49) Bayat,S (2091)-Bowen,P chess.com INT 2020}) 12... b6 13. Re1 Bb7 14. Nb1 c4 15. Be2 Ne4 16. c3 Qc7 17. g3 f6 18. Bf1 Rae8 (18... e5 $11) 19. Nbd2 $14 Nd6 20. Bh3 Ne4 21. Nxe4 dxe4 22. Nd2 f5 23. Qe2 (23. Qa4 $16) 23... Bd5 24. a4 Nf6 25. Bf1 {[%cal Rd2c4]} Rc8 26. Bg2 h6 27. f3 exf3 28. Bxf3 Rce8 29. Qg2 a6 30. Re2 Re7 31. Rae1 {[#] Black must now prevent Bxd5.} Rfe8 32. h3 b5 33. axb5 axb5 34. Re5 {[%cal Rf3d5]} Qb7 (34... b4 $5) 35. Kf2 {Weighted Error Value: White=0.13/Black=0.15} 1/2-1/2

[Event "Caplin British Online-ch Open 2020"]
[Site "Online"]
[Date "2020.12.27"]
[Round "4.15"]
[White "Wille, Thomas"]
[Black "Oh, Julie"]
[Result "1-0"]
[WhiteElo "2048"]
[BlackElo "1168"]
[Annotator "TA"]
[PlyCount "141"]
[EventDate "2020.12.21"]
[EventType "swiss"]
[EventCountry "NET"]
[SourceTitle "playchess.com"]
[Source "ChessBase"]
[SourceQuality "1"]

{[%evp 13,140,16,18,12,80,38,144,147,230,218,201,197,29985,29986,29986,29987,29987,495,440,470,472,351,453,454,438,373,530,504,520,525,502,487,494,464,449,467,472,431,456,451,529,531,537,541,536,533,692,685,712,686,668,652,746,746,799,785,825,813,736,699,855,909,1856,1848,1559,1038,1025,1011,950,1268,1201,1208,5879,5928,6015,6035,6015,5928,5928,5808,5995,5979,5700,5816,5109,1967,29981,29982,29982,29983,29982,29975,29984,29980,29979,29981,29979,29982,29985,29986,29986,29987,29987,29988,29988,29989,29989,29990,29992,29989,29989,29990,29990,29991,29991,29992,29992,29993,29994,29994,29994,29995,29996,29997,29997,29998,29998,29999,29999]} 1. e4 c5 2. Nf3 e6 3. c3 Nc6 4. d4 cxd4 5. cxd4 d5 6. e5 Nge7 {now scores much better than the old 6...Bb4+.} 7. Nc3 Nf5 8. a3 {[#] C02: French: Advance Variation.} f6 $146 (8... a6 $11 {keeps the balance.}) ({Predecessor:} 8... Bd7 9. Be2 Be7 10. O-O O-O 11. b4 Rc8 12. Bb2 f6 13. Rc1 Be8 14. Na4 fxe5 {½-½ (14) Savic,M (2511)-Kosic,D (2488) Paracin 2018}) 9. Bb5 fxe5 ({Black should play} 9... Bd7 $14) 10. Nxe5 $16 {White is clearly better.} Bd7 (10... Qb6 $16) 11. Qh5+ $18 g6 12. Nxg6 hxg6 (12... Ng7 $18 13. Qg4 e5 14. Bxc6 bxc6) 13. Qxg6+ ({Weaker is} 13. Qxh8 Ncxd4 14. Bd3 Kf7 $16) 13... Ke7 14. Bg5+ {[%mdl 64] Skewer} Kd6 15. Bxd8 (15. Bf4+ $142 Ne5 16. Bxe5+ Ke7 {[#]} 17. Nxd5+ $1 {[%mdl 512]} exd5 18. Bf6+ {[%mdl 64] Skewer} Kd6 19. Bxd8+ Be6 20. Qf6) 15... Rxd8 16. Bxc6 Bxc6 17. Qg5 Be7 18. Qf4+ Kd7 19. O-O-O Rc8 (19... Rdg8 {was necessary.}) 20. Kb1 Rh4 21. g4 Rf8 22. Rhe1 Bd6 23. Qg5 Be7 24. Qg6 Rh6 25. gxf5 Rxg6 26. fxg6 Rg8 27. Rg1 Bf6 28. Rg4 Ke7 29. h4 Kf8 30. h5 Rh8 31. Rh1 Kg7 32. Ne2 Bd7 33. Rf4 Bb5 34. Ng3 Bd3+ 35. Ka2 Bc4+ 36. b3 Bd3 37. Rc1 Bg5 38. Rf7+ Kh6 39. Rcc7 {White wants to mate with Rh7+!} Bxg6 40. hxg6 Kxg6 41. Rg7+ Kh6 42. Rxb7 Rf8 43. Rh7+ Kg6 44. Rbg7+ Kf6 45. Nh5+ Kf5 46. Rf7+ Rxf7 47. Rxf7+ Kg6 48. Rxa7 Kxh5 {[%mdl 4096] Endgame KR-KB} 49. a4 Bd2 50. a5 {White mates.} Bc3 51. a6 Bxd4 52. Re7 e5 {[#]} 53. Rxe5+ $3 {[%mdl 576] Deflection, Promotion} Bxe5 {KB-K3P} 54. a7 Kg4 55. a8=Q Kf4 56. Qxd5 Kf5 57. b4 Kf6 58. b5 Kf5 59. b6 Kf6 60. b7 Bh2 61. b8=Q {[%mdl 64] Decoy} Bxb8 62. Qd8+ Kf5 63. Qxb8 Ke4 64. f4 Kf5 65. Qe5+ Kg6 66. f5+ Kg5 67. f6+ Kg4 68. f7 Kf3 69. f8=Q+ Kg4 70. Qeg7+ Kh5 71. Qfh8# {Black did not feel at home in the position after the opening.  Weighted Error Value: White=0.42/Black=0.84} 1-0

[Event "Caplin British Online-ch Open 2020"]
[Site "Online"]
[Date "2020.12.27"]
[Round "4.17"]
[White "Idle, Oscar"]
[Black "Finn, Chris"]
[Result "1-0"]
[WhiteElo "1722"]
[BlackElo "1956"]
[Annotator "TA"]
[PlyCount "111"]
[EventDate "2020.12.21"]
[EventType "swiss"]
[EventCountry "NET"]
[SourceTitle "playchess.com"]
[Source "ChessBase"]
[SourceQuality "1"]

{[%evp 13,111,0,11,-1,38,-25,-28,-27,-12,-39,-31,-31,-18,-29,-56,-65,-81,-102,21,0,6,-55,54,15,96,96,94,82,102,91,129,94,106,118,144,146,379,377,349,281,383,359,349,336,467,414,377,195,200,200,197,189,189,186,247,238,321,323,315,322,321,313,297,295,320,249,310,274,546,540,540,546,530,531,540,539,738,605,581,566,596,577,701,698,751,752,718,712,29987,29985,29989,5708,29987,29977,29987,29988,29988,29989,29989,29990]} 1. d4 d5 2. c4 e6 3. Nf3 Nf6 4. g3 Be7 5. Bg2 O-O 6. O-O dxc4 7. Qc2 b5 8. a4 {E05: Open Catalan: 5 Nf3 Be7.} b4 9. Qxc4 (9. Ne5 $14 Nd5 10. Nxc4) 9... Ba6 $11 10. Qc2 {Black has an edge.} Nbd7 11. Ne5 Nxe5 12. Bxa8 Qxd4 13. Bg2 c5 14. Rd1 Qg4 15. f3 {[#]} Qc4 $146 (15... Qh5 $1 $17 16. g4 Qh4) ({Predecessor:} 15... Qh5 16. g4 Nfxg4 17. fxg4 Qxg4 18. Qe4 Bxe2 19. Qxg4 Bxg4 20. Rf1 Be2 21. Re1 Nd3 22. Rxe2 Nxc1 {1-0 (123) Lu,M (1976)-Cvitan,E (2276) Belgrade 2020}) 16. Qxc4 Bxc4 17. f4 (17. Nd2 $11 Ba6 18. f4) 17... Ng6 (17... Bxe2 $15 18. fxe5 Bxd1 19. exf6 Bxf6) 18. e4 Bb3 {[#]} (18... Rc8 $11) 19. Re1 $1 $16 Rd8 20. Nd2 Bc2 21. e5 $36 {[%mdl 2048] Keeping Black busy.} Ng4 22. Nc4 Bd3 23. Ne3 Nxe3 24. Bxe3 c4 $2 {Loses the game.} (24... Bc2 $16 25. Bf1 b3) 25. Bxa7 $18 c3 26. b3 f6 27. Bb6 Rc8 28. a5 c2 29. Bb7 Rb8 30. a6 (30. Be4 $142 Bxe4 31. Rxe4) 30... Bxa6 31. Bxa6 ({Don't take} 31. Rxa6 $6 Rxb7 32. exf6 Bxf6 $16) 31... Rxb6 32. Bd3 fxe5 33. fxe5 Bc5+ (33... Rc6 {was called for.}) 34. Kg2 Rb8 35. Bxg6 ({Resist} 35. Bxc2 Bd4) 35... hxg6 {[%mdl 4096] Endgame KRR-KRB} 36. Rac1 Bd4 37. Rxc2 Bc3 38. Re4 Ra8 39. Rc4 Ra5 40. Rc8+ Kf7 $2 (40... Kh7 {was worth a try.} 41. Re2 Bxe5) 41. Rf2+ Ke7 42. Rc7+ Ke8 43. Rxg7 Bxe5 44. Rxg6 Ke7 45. h4 Ra3 46. Re2 Bf6 47. Re3 Ra6 48. h5 Bc3 49. h6 Kf7 50. Rg4 e5 51. Rf3+ Ke7 52. h7 (52. Rg7+ $142 Ke8 53. h7 Rh6 {[#]} 54. Rf6 $3 {[%mdl 512]} e4 55. Rg8+ Kd7 56. Rxh6 Be5 57. h8=Q) 52... Rh6 53. Rh4 {White mates.} Rxh4 54. gxh4 e4 {[#]} 55. Rxc3 $1 {[%mdl 64] Remove Defender, Promotion} bxc3 56. h8=Q {Weighted Error Value: White=0.20/Black=0.46} 1-0

[Event "Caplin British Online-ch Open 2020"]
[Site "Online"]
[Date "2020.12.28"]
[Round "5.1"]
[White "Finn, Peter"]
[Black "Adams, Michael"]
[Result "0-1"]
[WhiteElo "1959"]
[BlackElo "2716"]
[Annotator "TA"]
[PlyCount "66"]
[EventDate "2020.12.21"]
[EventType "swiss"]
[EventCountry "NET"]
[SourceTitle "playchess.com"]
[Source "ChessBase"]
[SourceQuality "1"]

{[%evp 20,66,33,25,45,44,37,27,44,27,39,0,0,0,0,0,0,-26,-28,-28,-25,-24,-21,-28,-14,-23,-23,-42,-36,-40,-19,-23,-20,-54,-41,-96,-86,-296,-298,-291,-280,-431,-434,-442,-422,-574,-543,-1831,-1746]} 1. e4 e5 2. Bc4 Nc6 3. Nf3 Bc5 4. c3 Nf6 5. d3 d6 6. O-O a6 7. Nbd2 {[%cal Bb1d2,Bd2f1,Bf1g3][%mdl 32]} O-O 8. h3 Ba7 9. Bb3 Ne7 10. Re1 Ng6 11. Nf1 Re8 {C54: Giuoco Piano: 4 c3 Nf6, main lines with 5 d4 and 5 d3.} 12. Ng3 Be6 13. d4 c6 {[#] White has an edge.} 14. dxe5 $146 (14. Be3 {is interesting.} Bb6 15. Bxe6 Rxe6 16. Qb3 exd4 17. Nxd4 Bxd4 18. Bxd4 Qc7 19. Bb6) ({Predecessor:} 14. Bc2 h6 15. Be3 Qc7 16. Qd2 Rad8 17. Rad1 b5 18. Qc1 a5 19. a3 Bb6 20. Nf5 {1-0 (46) Yudin,S (2539)-Dubov,D (2648) St Petersburg 2016}) 14... dxe5 15. Be3 Bxe3 16. Rxe3 Qc7 17. Bxe6 Rxe6 18. Rd3 Nf4 19. Rd2 c5 20. c4 Ree8 21. Qc2 Ne6 22. Rad1 Nd4 23. Qb1 g6 24. Ne1 Qc6 25. f3 b5 26. Nf1 Nh5 27. cxb5 ({Better is} 27. Ne3 $15) 27... axb5 $17 28. b4 $2 {[#] This costs White the game.} (28. Nd3 $17) 28... Nf4 $19 29. Kh2 c4 30. Nc2 (30. Rf2 {keeps fighting.}) 30... c3 {Black is clearly winning.} 31. Rf2 Qb6 32. Nxd4 exd4 33. g3 {[#]} d3 $1 {Weighted Error Value: White=0.68/Black=0.03} 0-1

[Event "Caplin British Online-ch Open 2020"]
[Site "Online"]
[Date "2020.12.28"]
[Round "5.2"]
[White "Turner, Matthew J"]
[Black "Claridge-Hansen, William"]
[Result "1-0"]
[WhiteElo "2509"]
[BlackElo "2290"]
[Annotator "TA"]
[PlyCount "73"]
[EventDate "2020.12.21"]
[EventType "swiss"]
[EventCountry "NET"]
[SourceTitle "playchess.com"]
[Source "ChessBase"]
[SourceQuality "1"]

{[%evp 15,73,0,0,-16,12,12,9,0,0,0,0,0,0,-8,4,0,-4,-39,13,9,12,10,36,27,47,37,36,33,37,19,23,22,24,23,38,33,85,66,81,84,86,101,194,160,216,219,772,635,763,780,772,772,772,757,29984,29985,29985,29986,29986,29987]} 1. Nf3 c5 2. g3 Nc6 3. d4 cxd4 4. Nxd4 g6 5. Bg2 Bg7 6. Nxc6 bxc6 7. O-O Rb8 8. Nd2 Nf6 9. Nb3 {A04: Unusual lines after 1 Nf3 and King's Indian Attack.} Qc7 10. Bd2 O-O 11. Ba5 {The position is equal.} Qe5 12. Bc3 Qc7 13. e4 d6 14. Re1 Nd7 15. Bxg7 Kxg7 {[#]} 16. Nd2 $146 ({Predecessor:} 16. Qd2 c5 17. Na5 Kg8 18. Qc3 Ba6 19. a3 Rfc8 20. b3 Ne5 21. f4 Nc6 22. Nxc6 Qxc6 {½-½ (39) Thejkumar,M (2323)-Narayanan,S (2267) Dindigul 2007}) 16... c5 ({Stronger than} 16... Rxb2 17. Nb3 $16) (16... h5 $15) 17. b3 $11 a5 {[%cal Ba7a5,Ba5a4][%mdl 32]} 18. Nc4 Ba6 19. Ne3 Bb7 20. Qd2 a4 21. Qc3+ Kg8 22. Ng4 {[%cal Rg4h6]} h5 23. Ne3 Nf6 24. Nc4 axb3 25. axb3 {[%cal Ba2b3,Bb3b4][%mdl 32]} Ra8 (25... Nxe4 $14 26. Rxe4 (26. Bxe4 Bxe4 27. Rxe4 d5 $14) 26... d5) 26. Rxa8 Rxa8 {[#]} 27. Nxd6 $1 {[%mdl 64] Deflection} exd6 28. Qxf6 c4 (28... Re8 $16) 29. b4 $18 c3 (29... Qd7 $16 30. Qd4 Qe6) 30. h4 Ra2 $2 (30... Qb6 31. Qxc3 Rc8) 31. e5 Bxg2 32. exd6 {Threatening mate with Re8+.} Qc6 33. b5 $1 {[%cal Rb5c6][%mdl 64] Deflection} Qxb5 34. Kxg2 Rxc2 35. Re7 {White mates.} Qd5+ 36. Kh2 Rxf2+ 37. Qxf2 {Weighted Error Value: White=0.04/Black=0.50} 1-0

[Event "Caplin British Online-ch Open 2020"]
[Site "Online"]
[Date "2020.12.28"]
[Round "5.3"]
[White "Ghasi, Ameet K"]
[Black "Ismail, Mohammed Aayan"]
[Result "1-0"]
[WhiteElo "2485"]
[BlackElo "1719"]
[Annotator "TA"]
[PlyCount "157"]
[EventDate "2020.12.21"]
[EventType "swiss"]
[EventCountry "NET"]
[SourceTitle "playchess.com"]
[Source "ChessBase"]
[SourceQuality "1"]

{[%evp 15,156,-10,8,0,0,-10,8,8,14,-9,-10,-20,-14,-14,0,0,14,15,27,40,43,38,69,71,72,74,75,58,94,87,141,21,336,221,188,202,187,190,175,188,183,118,129,27,96,37,45,9,17,-23,-27,-21,-21,-85,-81,-91,-100,-116,-91,-116,-75,-136,0,-140,-97,-127,-141,-155,-127,-109,-138,-291,-60,-144,-136,-138,-95,-108,-89,-91,-83,-868,-758,-758,-747,-733,-718,-817,229,213,183,199,187,170,149,0,29988,0,0,0,0,0,0,0,29973,29966,29984,29985,29984,29964,29995,29995,29995,29977,29977,29975,29975,29976,29976,29977,29977,29977,29978,29973,29975,29974,29965,0,29973,29976,29978,29980,29981,29982,29995,29996,29996,29997,29997,29998,29998,29999,29999]} 1. Nf3 Nf6 2. g3 g6 3. Bg2 Bg7 4. O-O O-O 5. d3 d6 6. e4 c5 7. Re1 Nc6 8. c3 Qc7 9. h3 {A05: Réti Opening: 1 Nf3 Nf6.} Bd7 10. a4 Rab8 11. Na3 {The position is equal.} a6 {[#]} 12. Nc4 $146 ({Predecessor:} 12. d4 b5 13. axb5 axb5 14. Qe2 b4 15. Nc4 Ra8 16. Bf4 Nh5 17. Be3 cxd4 18. cxd4 {1-0 (58) Noireaut,H (1960)-Bras,P (1490) Asnieres 2018}) 12... b5 13. axb5 axb5 14. Ne3 b4 15. d4 cxd4 (15... Nxe4 $6 16. Nd5 $16) 16. cxd4 Qc8 (16... Nxe4 $6 17. Nd5 $16) 17. e5 dxe5 18. dxe5 Ne8 19. Nd5 Nc7 20. Nxc7 Qxc7 21. Bf4 $1 e6 22. Rc1 Rfd8 23. Nd4 (23. Nd2 $16) 23... Rb6 $2 {[%mdl 8192]} (23... Qb6 $11 24. Nb3 (24. Bxc6 Bxc6 25. Rxc6 Qxd4 $11) 24... Be8) 24. Qc2 {[%cal Rg2c6]} Rc8 25. Red1 $1 Bxe5 26. Bxe5 Qxe5 27. Nf3 Qc7 28. Qc5 ({White should try} 28. Ng5 $18) 28... Ra6 $16 29. Ng5 (29. Qc4 $1 $16 {[%cal Rc4a6]} Rb6 30. Ng5) 29... Kg7 (29... Ra5 $11 30. Qe3 Kg7) 30. Ne4 (30. Qc4 $16 Ra7 31. Bxc6 (31. Qh4 h6 $16) 31... Bxc6 32. Qh4) 30... Ra5 $14 31. Qe3 {Strongly threatening Nd6.} (31. Qc4 $5 {[%cal Re4d6]} Rd5 32. Rxd5 exd5 33. Qxd5 $14) 31... Rd5 32. Nc5 Rxd1+ 33. Rxd1 Be8 34. Re1 (34. Rc1 $11) 34... Qd6 $17 35. Ne4 Qd4 36. Qf4 Rd8 ({Weaker is} 36... Qxb2 37. Nd6 $16) 37. Qc7 Qd7 ({Much worse is} 37... Qxb2 $6 38. Nd6 $11) 38. Qf4 (38. Qxd7 $142 Rxd7 39. Nf6 Kxf6 40. Bxc6) 38... Qd4 (38... Qe7 $1 $17 39. Nd2 Nd4) 39. h4 (39. Qc7 $1 $11 {remains equal.}) 39... Qxb2 40. h5 {next h6+ is good for White.} Qe5 (40... gxh5 $2 41. Qg5+ Kf8 42. Nf6 $18) 41. h6+ Kh8 42. Qc1 {intending Ng5.} Nd4 43. Re3 $2 (43. Qc4 $17 Qa5 44. Rb1) 43... Qa5 $2 (43... Bc6 $19 {Hoping for ...b3.} 44. Qc4 Qb5) 44. Qb2 ({Better is} 44. Re1 $1 $15 b3 45. Kh2) 44... e5 45. Nf6 b3 46. Kh2 Qa2 47. Qc3 Qxf2 48. Qc5 $2 {[%mdl 8192] [#]} Nf3+ $1 {[%mdl 512]} 49. Kh3 Ng1+ {[%mdl 64] Discovered Attack} ({But not} 49... Bc6 $2 50. Bxf3 Qf1+ 51. Kh4 $18) 50. Kh2 {[#]} Bc6 $1 {[%csl Gc6][%cal Rf2g2][%mdl 576] Pin} 51. Ne4 {[#]} (51. Qxc6 Qxe3) 51... Bxe4 $4 {[%mdl 8192]} (51... Nf3+ $1 $19 {[%mdl 512]} 52. Rxf3 Qxc5 53. Nxc5 Bxf3 54. Nxb3 Bxg2 55. Kxg2 Rc8) 52. Qxe5+ $40 {[%mdl 128] White is out for blood.} f6 {[%csl Ge4][%cal Rf2g2]} 53. Qxe4 {Threatening mate with Qe8+!} Rg8 {Threatens to win with ...b2.} 54. Rxb3 Ne2 {[#]} 55. Qe7 ({White has to play} 55. Re3 $1 $16 {[%cal Re3e2]} Nxg3 56. Rxg3) 55... Qg1+ $11 56. Kh3 Qf2 {And now ...g5 would win.} 57. Kh2 {Black must now prevent Rf3!} Qg1+ 58. Kh3 Qf2 {...g5 is the strong threat.} 59. Re3 Ng1+ {[%mdl 8192]} (59... Qf5+ $11 60. Kh2 Nd4) 60. Kh2 Qb2 61. Kxg1 Qd4 62. Kh2 f5 {[#]} 63. Qf7 $1 {[%mdl 512]} f4 64. gxf4 g5 65. Re4 Qd6 66. Re6 Qxf4+ 67. Qxf4 gxf4 {[%mdl 4096] Endgame KRB-KR} 68. Be4 Rg5 69. Re8+ Rg8 70. Re7 {[%csl Ge4][%cal Re7h7]} Rg5 71. Re8+ Rg8 {[#]} 72. Re5 $1 {White mates.} Rg4 73. Kh3 Rg3+ 74. Kh4 Rg1 75. Bd5 Rg8 76. Bxg8 Kxg8 77. Rf5 f3 78. Rxf3 Kh8 79. Rf8# {A wild game.  Weighted Error Value: White=0.44/Black=0.56} 1-0